[Event "Olympiad Women-44"]
[Site "Chennai"]
[Date "2022.08.07"]
[Round "9.4"]
[White "Fredericia, Louise Winther"]
[Black "Hotami, Mutriba"]
[Result "1-0"]
[WhiteElo "1990"]
[BlackElo "1846"]
[PlyCount "67"]
[EventDate "2022.07.29"]
[EventType "team-swiss"]
[EventRounds "11"]
[EventCountry "IND"]
[SourceTitle "CBM 210"]
[Source "ChessBase"]
[SourceDate "2022.10.31"]
[SourceVersion "1"]
[SourceVersionDate "2022.10.31"]
[SourceQuality "1"]
[WhiteTeam "Denmark (W)"]
[BlackTeam "Tajikistan (W)"]
[WhiteTeamCountry "DEN"]
[BlackTeamCountry "TJK"]

1. f4 d5 2. b3 Nf6 3. Bb2 e6 4. Nf3 c5 5. e3 Nc6 6. Bb5 Be7 7. Bxc6+ bxc6 8. Ne5 Qc7 9. d3 a5 10. a4 Ba6 11. Nd2 0-0 12. 0-0 Nd7 13. Qg4 f5 14. Qh3 Nxe5 15. Bxe5 Qd7 16. Nf3 Bf6 17. Rad1 Rad8 18. Qg3 Kh8 19. Qe1 Ra8 20. Rf2 Bc8 21. Qc3 Qe7 22. d4 cxd4 23. exd4 Bd7 24. Re2 Rfc8 25. Bxf6 gxf6 26. Nh4 Qf7 27. Rd3 Rg8 28. Rh3 Rg4 29. Qc5 Rag8 30. Qd6 Qh5 31. Qxd7 Rxh4 32. Rxh4 Qxh4 33. Qxe6 h5 34. Qxf5 1-0

[Event "Olympiad Women-44"]
[Site "Chennai"]
[Date "2022.07.29"]
[Round "1.4"]
[White "Bhakti, Kulkarni"]
[Black "Hotami, Mutriba"]
[Result "1-0"]
[WhiteElo "2373"]
[BlackElo "1846"]
[PlyCount "99"]
[EventDate "2022.07.29"]
[EventType "team-swiss"]
[EventRounds "11"]
[EventCountry "IND"]
[SourceTitle "CBM 210"]
[Source "ChessBase"]
[SourceDate "2022.10.31"]
[SourceVersion "1"]
[SourceVersionDate "2022.10.31"]
[SourceQuality "1"]
[WhiteTeam "India (W)"]
[BlackTeam "Tajikistan (W)"]
[WhiteTeamCountry "IND"]
[BlackTeamCountry "TJK"]

1. d4 Nf6 2. Nf3 g6 3. Bg5 Bg7 4. Nbd2 d5 5. e3 c6 6. c4 0-0 7. Bd3 Nbd7 8. 0-0 Re8 9. Re1 e5 10. cxd5 cxd5 11. dxe5 Nxe5 12. Nxe5 Rxe5 13. Nf3 Bg4 14. Bf4 Re7 15. Be2 Qb6 16. Nd4 Bxe2 17. Rxe2 Nh5 18. Bg5 Rd7 19. Rc1 h6 20. Bh4 Re8 21. Qa4 Qd6 22. Qxa7 b6 23. Qa6 Rc7 24. Rxc7 Qxc7 25. Rc2 Qd6 26. Rc8 Rxc8 27. Qxc8+ Kh7 28. Qc3 g5 29. Bg3 Nxg3 30. hxg3 Qg6 31. Qb3 Qh5 32. a4 Bxd4 33. Qd3+ Qg6 34. Qxd4 Qc6 35. Kh2 Kg6 36. g4 Qc7+ 37. Kh3 Qc6 38. Qh8 Qxa4 39. Qg8+ Kf6 40. Qd8+ Kg7 41. Qxb6 Qc2 42. Kg3 Qb1 43. b4 Qh1 44. Qd4+ f6 45. Qxd5 Qh4+ 46. Kf3 h5 47. Qd7+ Kh6 48. Qe6 Kg7 49. Qe7+ Kg8 50. Qe8+ 1-0

[Event "Online Olym Div3 B"]
[Site "Chess.com INT"]
[Date "2020.08.08"]
[Round "4.2"]
[White "Ranasinghe, Sachini D"]
[Black "Hotami, Mutriba"]
[Result "1-0"]
[WhiteElo "1752"]
[BlackElo "1837"]
[PlyCount "65"]
[EventDate "2020.08.07"]
[EventType "team-tourn (rapid)"]
[EventRounds "9"]
[EventCountry "USA"]
[SourceTitle "CBM 198"]
[Source "ChessBase"]
[SourceDate "2020.10.31"]
[SourceVersion "1"]
[SourceVersionDate "2020.10.31"]
[SourceQuality "1"]
[WhiteTeam "Sri Lanka"]
[BlackTeam "Tajikistan"]
[WhiteTeamCountry "SRI"]
[BlackTeamCountry "TJK"]

1. Nf3 Nf6 2. g3 g6 3. Bg2 Bg7 4. 0-0 0-0 5. c4 d6 6. d4 Nc6 7. Nc3 e5 8. dxe5 dxe5 9. e4 Bg4 10. Qxd8 Raxd8 11. Be3 a6 12. h3 Be6 13. b3 Rd3 14. Rac1 Rfd8 15. Ne1 R3d7 16. Nd5 Nd4 17. Kh2 Ne8 18. Nd3 b6 19. c5 Bxd5 20. exd5 bxc5 21. Nxc5 Re7 22. Nxa6 e4 23. Nb4 Ra8 24. Bxd4 Bxd4 25. Nc6 Bf6 26. Nxe7+ Bxe7 27. Rfe1 Bd6 28. Rxe4 Nf6 29. Re2 Ra5 30. Rd1 Kf8 31. Bf3 Nd7 32. Kg2 Nc5 33. b4 1-0

[Event "Olympiad Women-43"]
[Site "Batumi"]
[Date "2018.09.24"]
[Round "1.3"]
[White "Hotami, Mutriba"]
[Black "Lei, Tingjie"]
[Result "0-1"]
[WhiteElo "1840"]
[BlackElo "2468"]
[PlyCount "68"]
[EventDate "2018.09.24"]
[EventType "team-swiss"]
[EventRounds "11"]
[EventCountry "GEO"]
[SourceTitle "EXT 2020"]
[Source "ChessBase"]
[SourceDate "2019.10.17"]
[SourceVersion "1"]
[SourceVersionDate "2019.10.17"]
[SourceQuality "1"]
[WhiteTeam "Tajikistan (W)"]
[BlackTeam "China (W)"]
[WhiteTeamCountry "TJK"]
[BlackTeamCountry "CHN"]

1. d4 Nf6 2. Nf3 g6 3. Bg5 Bg7 4. Nbd2 0-0 5. e4 d5 6. Bd3 h6 7. Bf4 c5 8. exd5 cxd4 9. Be5 Nxd5 10. Bxg7 Kxg7 11. Nb3 e5 12. 0-0 Qf6 13. Re1 Nc6 14. Nc5 a6 15. Ne4 Qd8 16. Ng3 Re8 17. Bc4 Nf4 18. Qd2 Qc7 19. Bf1 Bg4 20. Ne2 Nh3+ 21. gxh3 Bxf3 22. Bg2 Bxg2 23. Kxg2 Qd7 24. Ng3 Qd5+ 25. Kg1 e4 26. Qf4 f5 27. h4 Ne5 28. Red1 Nf3+ 29. Kg2 Re5 30. c4 Qe6 31. h5 g5 32. Qc1 f4 33. Ne2 Nh4+ 34. Kh1 Qh3 0-1

[Event "Asian Indoor Games (Women) 5th"]
[Site "Ashkhabad"]
[Date "2017.09.24"]
[Round "7"]
[White "Hotami, Mutriba"]
[Black "Nihaya, Ahmed"]
[Result "1-0"]
[WhiteElo "1823"]
[BlackElo "1133"]
[PlyCount "91"]
[EventDate "2017.09.21"]
[EventType "swiss"]
[EventRounds "7"]
[EventCountry "TKM"]
[SourceTitle "CBM 180 Extra"]
[Source "ChessBase"]
[SourceDate "2017.10.06"]
[SourceVersion "1"]
[SourceVersionDate "2017.10.06"]
[SourceQuality "1"]

1. e4 e5 2. Nf3 Nc6 3. Bb5 d6 4. c3 a6 5. Ba4 b5 6. Bb3 Nf6 7. Qe2 Be7 8. d3 0-0 9. Nbd2 Be6 10. Bc2 Nd7 11. d4 exd4 12. cxd4 Bg4 13. Nb3 Nb6 14. h3 Bxf3 15. Qxf3 d5 16. 0-0 Qd7 17. Rd1 a5 18. exd5 Nb4 19. Bf5 Qd8 20. Be4 N4xd5 21. Qd3 c6 22. Bxh7+ Kh8 23. Be4 Bg5 24. Qf3 g6 25. Nc5 Ra7 26. Bxg5 Qc8 27. Bf6+ Kg8 28. Rac1 Rc7 29. Be5 Re7 30. Bd6 Rfe8 31. Bxe7 Rxe7 32. Nd3 Qe6 33. Ne5 Rc7 34. Rc5 f5 35. Bxd5 Nxd5 36. Nxc6 Rxc6 37. Qxd5 Qxd5 38. Rxd5 Rb6 39. Rd8+ Kf7 40. d5 Ke7 41. Rg8 Kf7 42. d6 Kxg8 43. d7 Rb8 44. d8Q+ Rxd8 45. Rxd8+ Kf7 46. Rd5 1-0

[Event "Asian Indoor Games (Women) 5th"]
[Site "Ashkhabad"]
[Date "2017.09.23"]
[Round "5"]
[White "Hejazipour, Mitra"]
[Black "Hotami, Mutriba"]
[Result "1-0"]
[WhiteElo "2345"]
[BlackElo "1823"]
[PlyCount "61"]
[EventDate "2017.09.21"]
[EventType "swiss"]
[EventRounds "7"]
[EventCountry "TKM"]
[SourceTitle "CBM 180 Extra"]
[Source "ChessBase"]
[SourceDate "2017.10.06"]
[SourceVersion "1"]
[SourceVersionDate "2017.10.06"]
[SourceQuality "1"]

1. d4 Nf6 2. c4 g6 3. Nc3 Bg7 4. e4 d6 5. Be2 0-0 6. Be3 e5 7. d5 Nbd7 8. g4 Nc5 9. f3 Ne8 10. h4 h6 11. Qd2 Kh7 12. 0-0-0 a6 13. Qc2 b6 14. Nh3 Bd7 15. a3 Rb8 16. Nf2 Qe7 17. Rh2 Rh8 18. Nh1 Bf8 19. Ng3 Ng7 20. f4 Kg8 21. h5 g5 22. fxg5 hxg5 23. h6 Ne8 24. Rh5 f6 25. Rdh1 Kh7 26. R5h2 Kg6 27. h7 Ng7 28. b4 Nb7 29. Qd1 Ne8 30. Qf1 Bg7 31. Nf5 1-0

[Event "Asian Indoor Games (Women) 5th"]
[Site "Ashkhabad"]
[Date "2017.09.22"]
[Round "3"]
[White "Hotami, Mutriba"]
[Black "Chuersakul, Sarocha"]
[Result "1/2-1/2"]
[WhiteElo "1823"]
[BlackElo "1684"]
[PlyCount "133"]
[EventDate "2017.09.21"]
[EventType "swiss"]
[EventRounds "7"]
[EventCountry "TKM"]
[SourceTitle "CBM 180 Extra"]
[Source "ChessBase"]
[SourceDate "2017.10.06"]
[SourceVersion "1"]
[SourceVersionDate "2017.10.06"]
[SourceQuality "1"]

1. e4 e5 2. Nf3 Nc6 3. Bb5 a6 4. Ba4 Nf6 5. Qe2 b5 6. Bb3 Be7 7. d3 d6 8. c3 0-0 9. Nbd2 Na5 10. Bc2 c5 11. h3 Re8 12. Nf1 Bf8 13. Bg5 g6 14. Ne3 h6 15. Bh4 Be6 16. g4 Be7 17. Bg3 Nh7 18. h4 Qb6 19. g5 h5 20. 0-0 b4 21. Nd2 Reb8 22. Kh2 Qc7 23. f4 exf4 24. Rxf4 bxc3 25. bxc3 Rb2 26. c4 Qb7 27. Rf2 Nf8 28. Nb3 Nxb3 29. axb3 Qb4 30. Nd1 Bg4 31. Qf1 Bxd1 32. Qxd1 Ne6 33. e5 dxe5 34. Qf3 Rf8 35. Bxe5 Nd4 36. Qd5 Rxc2 37. Bxd4 Rxf2+ 38. Bxf2 Rd8 39. Qe4 Bd6+ 40. Kg2 a5 41. Ra4 Qb6 42. Be1 Qxb3 43. Rxa5 Qc2+ 44. Bf2 Qb1 45. Ra8 Rxa8 46. Qxa8+ Kg7 47. Qd5 Qb6 48. d4 Qc7 49. dxc5 Bf4 50. c6 Kg8 51. Bd4 Qb8 52. Bc3 Qe8 53. Qd3 Qxc6+ 54. Kg1 Bd6 55. Kf2 Bc7 56. Bd4 Qd6 57. Qe3 Qf4+ 58. Qxf4 Bxf4 59. c5 Kf8 60. Bf6 Ke8 61. c6 Bd6 62. Kf3 Bc7 63. Bd4 Kd8 64. Bf2 Ke7 65. Bc5+ Kd8 66. Bf2 Ke7 67. Bc5+ 1/2-1/2

[Event "Asian Indoor Games (Women) 5th"]
[Site "Ashkhabad"]
[Date "2017.09.21"]
[Round "1"]
[White "Hotami, Mutriba"]
[Black "Aulia, Medina Warda"]
[Result "0-1"]
[WhiteElo "1823"]
[BlackElo "2375"]
[PlyCount "90"]
[EventDate "2017.09.21"]
[EventType "swiss"]
[EventRounds "7"]
[EventCountry "TKM"]
[SourceTitle "CBM 180 Extra"]
[Source "ChessBase"]
[SourceDate "2017.10.06"]
[SourceVersion "1"]
[SourceVersionDate "2017.10.06"]
[SourceQuality "1"]

1. e4 e6 2. d4 d5 3. exd5 exd5 4. Bd3 Nc6 5. c3 Bd6 6. Nf3 Nge7 7. 0-0 Bg4 8. Re1 Qd7 9. Nbd2 f6 10. Qc2 0-0-0 11. b4 Bf5 12. a4 Bxd3 13. Qxd3 Qf5 14. Qxf5+ Nxf5 15. Nf1 h5 16. Ne3 Nce7 17. Nxf5 Nxf5 18. Ba3 g5 19. b5 Bxa3 20. Rxa3 Nd6 21. Nd2 Rde8 22. Raa1 b6 23. Kf1 Kd7 24. Re2 Rxe2 25. Kxe2 Ra8 26. Kd3 a6 27. bxa6 Rxa6 28. Kc2 Ra8 29. Kd3 h4 30. g3 h3 31. f3 f5 32. g4 f4 33. Re1 Nf7 34. Ra1 Nd8 35. Re1 Nc6 36. Ra1 Re8 37. Nf1 Na5 38. Rd1 Nc4 39. Rb1 Kc6 40. Ra1 Kb7 41. Rb1 Ka6 42. Ra1 Ka5 43. Rb1 Kxa4 44. Rb4+ Ka5 45. Rb1 Ka6 0-1

[Event "Asian Indoor Games (Women) 5th"]
[Site "Ashkhabad"]
[Date "2017.09.21"]
[Round "2"]
[White "Mendoza, Shania Mae"]
[Black "Hotami, Mutriba"]
[Result "1-0"]
[WhiteElo "2066"]
[BlackElo "1823"]
[PlyCount "79"]
[EventDate "2017.09.21"]
[EventType "swiss"]
[EventRounds "7"]
[EventCountry "TKM"]
[SourceTitle "CBM 180 Extra"]
[Source "ChessBase"]
[SourceDate "2017.10.06"]
[SourceVersion "1"]
[SourceVersionDate "2017.10.06"]
[SourceQuality "1"]

1. e4 c5 2. Nf3 g6 3. d4 Bg7 4. Nc3 cxd4 5. Nxd4 Nc6 6. Be3 d6 7. Qd2 Nf6 8. f3 Bd7 9. 0-0-0 Qa5 10. Nb3 Qc7 11. Nb5 Qd8 12. g4 Ne5 13. N5d4 Bc6 14. g5 Nfd7 15. f4 Bxe4 16. fxe5 Bxh1 17. e6 Ne5 18. exf7+ Kxf7 19. Qf2+ Kg8 20. Bh3 h5 21. gxh6 Bxh6 22. Be6+ Kg7 23. Bxh6+ Rxh6 24. Rxh1 Qf8 25. Qg2 Kh8 26. Rf1 Qg7 27. Rg1 Qf6 28. Rf1 Qg7 29. h3 Rf8 30. Rg1 Qh7 31. Qxb7 Rh4 32. Kb1 Rhf4 33. a4 Qh4 34. Qxa7 Qf2 35. Rd1 Nf3 36. Qxe7 Nxd4 37. Nxd4 Ra8 38. Qxd6 Rxa4 39. Qd8+ Rf8 40. Qg5 1-0

[Event "Tashkent zt 3.4 (Women)"]
[Site "Tashkent"]
[Date "2017.06.20"]
[Round "5"]
[White "Hotami, Mutriba"]
[Black "Geldyeva, Mekhri"]
[Result "0-1"]
[WhiteElo "1794"]
[BlackElo "2151"]
[PlyCount "104"]
[EventDate "2017.06.16"]
[EventType "swiss"]
[EventRounds "9"]
[EventCountry "UZB"]
[SourceTitle "CBM 179 Extra"]
[Source "ChessBase"]
[SourceDate "2017.08.23"]
[SourceVersion "1"]
[SourceVersionDate "2017.08.23"]
[SourceQuality "1"]

1. e4 Nf6 2. e5 Nd5 3. d4 d6 4. Nf3 Bf5 5. Bd3 Bxd3 6. Qxd3 c6 7. 0-0 e6 8. c4 Ne7 9. exd6 Qxd6 10. Nc3 Nd7 11. Rd1 Nf6 12. Ne4 Qc7 13. b4 Ng6 14. Rb1 Be7 15. Bg5 0-0 16. b5 cxb5 17. Rxb5 Rac8 18. Rc1 Rfd8 19. h4 b6 20. a4 Nxe4 21. Qxe4 Bxg5 22. Rxg5 Qf4 23. Qxf4 Nxf4 24. Rc2 f5 25. h5 h6 26. Rg3 Nxh5 27. Rh3 Nf6 28. Kf1 Nd5 29. Rh1 Nb4 30. Rc1 Nc6 31. Rh4 Na5 32. Ne5 Rc7 33. Ke2 Nb7 34. Ke3 Nd6 35. c5 Ne4 36. f3 Nf6 37. Rhh1 Rdc8 38. Nd3 Nd7 39. cxb6 Rxc1 40. b7 R1c7 41. bxc8Q+ Rxc8 42. Rb1 Rc7 43. a5 Kf7 44. Rb5 Ke7 45. Nf4 Rc3+ 46. Ke2 Ra3 47. Ng6+ Kd6 48. Ne5 Nxe5 49. Rxe5 Ra2+ 50. Kf1 a6 51. Rc5 Ra4 52. Rc8 Rxa5 0-1

[Event "Olympiad Women-42"]
[Site "Baku"]
[Date "2016.09.03"]
[Round "2.48"]
[White "Faqeeh, Aseel"]
[Black "Hotami, Mutriba"]
[Result "0-1"]
[WhiteElo "1488"]
[BlackElo "1735"]
[PlyCount "68"]
[EventDate "2016.09.02"]
[EventType "team-swiss"]
[EventRounds "11"]
[EventCountry "AZE"]
[SourceTitle "CBM 174 Extra"]
[Source "ChessBase"]
[SourceDate "2016.10.10"]
[SourceVersion "1"]
[SourceVersionDate "2016.10.10"]
[SourceQuality "1"]
[WhiteTeam "Palestine (W)"]
[BlackTeam "Tajikistan (W)"]
[WhiteTeamCountry "PLE"]
[BlackTeamCountry "TJK"]

1. d4 Nf6 2. c4 g6 3. Nc3 Bg7 4. e4 d6 5. f3 b6 6. Be3 c5 7. d5 Bd7 8. Qd2 Na6 9. a3 Nc7 10. Bd3 a6 11. h4 h5 12. Nge2 b5 13. b3 b4 14. axb4 cxb4 15. Na2 Nxe4 16. Bxe4 Bxa1 17. Nd4 a5 18. Ke2 Bxd4 19. Bxd4 Rg8 20. Qh6 e5 21. Be3 Qe7 22. Qh7 0-0-0 23. Bg5 Qf8 24. Bxd8 Kxd8 25. Bxg6 fxg6 26. Rg1 Ne8 27. Nxb4 axb4 28. Ra1 Qg7 29. Qxg7 Rxg7 30. Ke3 g5 31. Rh1 gxh4 32. Rxh4 Rxg2 33. Rxh5 Rb2 34. Ke4 Nf6+ 0-1

[Event "Cholpon Ata Issyk Kul op"]
[Site "Cholpon Ata"]
[Date "2016.06.29"]
[Round "9"]
[White "Purgin, Viktor"]
[Black "Hotami, Mutriba"]
[Result "1/2-1/2"]
[WhiteElo "1616"]
[BlackElo "1660"]
[PlyCount "98"]
[EventDate "2016.06.21"]
[EventType "swiss"]
[EventRounds "9"]
[EventCountry "KGZ"]
[SourceTitle "EXT 2017"]
[Source "ChessBase"]
[SourceDate "2016.10.25"]
[SourceVersion "1"]
[SourceVersionDate "2016.10.25"]
[SourceQuality "1"]

1. e4 d5 2. exd5 Qxd5 3. d4 Nf6 4. Nc3 Qa5 5. Nf3 c6 6. Bd3 Bg4 7. h3 Bh5 8. Qe2 e6 9. Bd2 Nbd7 10. 0-0 Qc7 11. Ne4 Nxe4 12. Bxe4 Nf6 13. Bd3 Bd6 14. c4 0-0 15. g4 Bg6 16. Bxg6 hxg6 17. Ne5 Rad8 18. Bf4 Nd7 19. Qe3 Rfe8 20. Rad1 Bxe5 21. Bxe5 Nxe5 22. Qxe5 Qxe5 23. dxe5 g5 24. Rfe1 Kf8 25. Kf1 Ke7 26. Ke2 Rh8 27. Rxd8 Kxd8 28. Rd1+ Kc7 29. Rd3 c5 30. Rf3 Rf8 31. Ke3 Kd7 32. Ke4 Ke7 33. Rb3 Rb8 34. f4 gxf4 35. Kxf4 b6 36. Ra3 Rb7 37. Rd3 a6 38. a4 b5 39. axb5 axb5 40. cxb5 Rxb5 41. b3 Rb4+ 42. Kf3 g5 43. Rc3 f6 44. exf6+ Kxf6 45. Kg3 e5 46. Rxc5 Rxb3+ 47. Kg2 Rb2+ 48. Kg3 Rb3+ 49. Kg2 Rb2+ 1/2-1/2

[Event "Dushanbe zt 3.4 (Women)"]
[Site "Dushanbe"]
[Date "2015.06.11"]
[Round "8"]
[White "Tokhirjonova, Gulruhbegim"]
[Black "Hotami, Mutriba"]
[Result "1-0"]
[WhiteElo "2246"]
[BlackElo "1714"]
[PlyCount "47"]
[EventDate "2015.06.04"]
[EventType "swiss"]
[EventRounds "9"]
[EventCountry "TJK"]
[SourceTitle "CBM 167 Extra"]
[Source "ChessBase"]
[SourceDate "2015.09.14"]
[SourceVersion "1"]
[SourceVersionDate "2015.09.14"]
[SourceQuality "1"]

1. e4 c5 2. Nf3 d6 3. d4 cxd4 4. Nxd4 Nf6 5. Nc3 g6 6. Be3 Bg7 7. f3 Nc6 8. Qd2 a6 9. 0-0-0 Ne5 10. h3 b5 11. g4 Bd7 12. f4 Nc4 13. Bxc4 bxc4 14. e5 dxe5 15. fxe5 Ng8 16. Bf4 Qa5 17. Rhe1 Rd8 18. Qg2 Qc5 19. Rd2 e6 20. Qf1 Bc6 21. Be3 Rb8 22. Ndb5 Qe7 23. Nd6+ Kf8 24. Bc5 1-0

[Event "Dushanbe zt 3.4 (Women)"]
[Site "Dushanbe"]
[Date "2015.06.06"]
[Round "3"]
[White "Kakhramonova, Mokhinur"]
[Black "Hotami, Mutriba"]
[Result "1-0"]
[WhiteElo "2035"]
[BlackElo "1714"]
[PlyCount "47"]
[EventDate "2015.06.04"]
[EventType "swiss"]
[EventRounds "9"]
[EventCountry "TJK"]
[SourceTitle "CBM 167 Extra"]
[Source "ChessBase"]
[SourceDate "2015.09.14"]
[SourceVersion "1"]
[SourceVersionDate "2015.09.14"]
[SourceQuality "1"]

1. e4 c5 2. Nf3 d6 3. d4 cxd4 4. Nxd4 Nf6 5. Nc3 g6 6. Be2 Bg7 7. Be3 Nc6 8. f3 d5 9. Bb5 Bd7 10. Nxd5 a6 11. Bxc6 bxc6 12. Nc3 Qc7 13. 0-0 0-0 14. Nb3 Be6 15. Qe2 Nh5 16. f4 Bxc3 17. bxc3 Nf6 18. Bd4 Qc8 19. f5 Bd7 20. c4 h6 21. Nc5 Nh7 22. Bc3 e6 23. Qd2 Be8 24. Qxh6 1-0

[Event "Asia-ch U20 Girls"]
[Site "Bishkek"]
[Date "2015.??.??"]
[Round "?"]
[White "Hotami, Mutriba"]
[Black "Sultanova, Asel"]
[Result "1-0"]
[WhiteElo "1718"]
[BlackElo "1363"]
[PlyCount "33"]
[EventDate "2015.10.03"]
[EventType "swiss"]
[EventRounds "9"]
[EventCountry "KGZ"]
[SourceTitle "EXT 2022"]
[Source "ChessBase"]
[SourceDate "2021.10.06"]
[SourceVersion "1"]
[SourceVersionDate "2021.10.06"]
[SourceQuality "1"]

1. e4 c5 2. Nf3 d6 3. d4 cxd4 4. Nxd4 Nf6 5. Nc3 g6 6. Be3 Bg7 7. f3 0-0 8. Qd2 Re8 9. g4 a6 10. h4 Nc6 11. h5 e6 12. hxg6 hxg6 13. 0-0-0 d5 14. Qh2 dxe4 15. Nxe4 Nxe4 16. Qh7+ Kf8 17. Nxc6 1-0

[Event "Asia-ch U20 Girls"]
[Site "Bishkek"]
[Date "2015.??.??"]
[Round "?"]
[White "Kim, Kristina"]
[Black "Hotami, Mutriba"]
[Result "1-0"]
[WhiteElo "1708"]
[BlackElo "1718"]
[PlyCount "39"]
[EventDate "2015.10.03"]
[EventType "swiss"]
[EventRounds "9"]
[EventCountry "KGZ"]
[SourceTitle "EXT 2022"]
[Source "ChessBase"]
[SourceDate "2021.10.06"]
[SourceVersion "1"]
[SourceVersionDate "2021.10.06"]
[SourceQuality "1"]

1. d4 Nf6 2. Nf3 g6 3. Bf4 Bg7 4. e3 d6 5. Nbd2 Nbd7 6. Bc4 0-0 7. h4 h5 8. Ng5 d5 9. Bb3 c5 10. c3 c4 11. Bc2 b5 12. f3 a5 13. g4 hxg4 14. fxg4 b4 15. h5 gxh5 16. gxh5 Bh6 17. Qf3 bxc3 18. bxc3 Kh8 19. Nxf7+ Rxf7 20. Bxh6 1-0